| 000 | 01803nam a2200349 i 4500 | ||
|---|---|---|---|
| 001 | 000020653 | ||
| 003 | DO-SdBNP | ||
| 005 | 20250801111422.0 | ||
| 007 | ta | ||
| 008 | 100812s2017 dr r 000 0 spa d | ||
| 020 | _a9789945452990 | ||
| 040 |
_aDO-SdBNP _bspa _cBNPHU _erda |
||
| 041 | _aspa | ||
| 082 | 4 |
_a362.29 _bL869a _222 |
|
| 100 | 1 |
_aLorenzo, David R. _d1956- _eautor _943395 _4aut. |
|
| 245 | 1 | 3 |
_aEl adicto / _cDavid R. Lorenzo ; diagramación, Vanessa Pérez Bueno, Kenny Ramírez Herrera ; corrección, Miguelina Crespo ; prólogo, Roberto Rímoli. |
| 264 | 1 |
_aSanto Domingo, D. N. : _bEditora El nuevo diario, _c2017. |
|
| 300 |
_a373 páginas ; _c23 cm. _bilistraciones |
||
| 336 |
_atexto _btxt _2rdaconten |
||
| 337 |
_asin mediación _bn _2rdamedia |
||
| 338 |
_avolumen _bnc _2rdacarrier |
||
| 500 | _aIncluye datos biográficos del autor en la contracubierta | ||
| 505 | _aPrólogo,15 -- Introducción, 21 -- Agradecimientos, 23 -- Capítulo 1: El adicto, 25 -- Capítulo 2: Las adicciones y otras enfermedades mentales, 77 Capítulo 3: La drogadicción, 95 -- Capítulo 4: El alcoholismo, 141 -- Capítulo 5: La ludopatía, 179 -- Capítulo 6: La publicidad de las adiciones, 225 -- Capítulo 7: Las recaídas, 245 -- Capítulo 8: El fondo de los adictos, 257 -- Capítulo 9: El suicidio, 267 -- Capítulo 10: La codependencia, 301 -- Capítulo 11: La recuperación del adicto, 335 | ||
| 590 | _aInventariado, 2020/VM | ||
| 650 | 4 |
_aAbuso de sustancias _950341 |
|
| 700 | 1 |
_aPérez Bueno, Vanesa, _ediagramador _4di _988439 |
|
| 700 | 1 |
_aRamírez Herrera, Kenny, _ediagramador _4di. _988440 |
|
| 700 | 1 |
_aCrespo, Miguelina _4corrector _952150 _eco. |
|
| 700 | 1 |
_aRoberto Rímoli. _eprologuista _4pr. _988460 |
|
| 910 | _aValidado. Control de Calidad/MAA | ||
| 942 |
_2ddc _cLBS1 |
||
| 999 |
_c20157 _d20157 |
||